The Panchayat System of Dhaka / (Record no. 20987)
[ view plain ]
| 000 -LEADER | |
|---|---|
| fixed length control field | 00531nam a22001817a 4500 |
| 003 - CONTROL NUMBER IDENTIFIER | |
| control field | BDDh-ASL |
| 005 - DATE AND TIME OF LATEST TRANSACTION | |
| control field | 20231015025945.0 |
| 008 - FIXED-LENGTH DATA ELEMENTS--GENERAL INFORMATION | |
| fixed length control field | 210117s1990 bg ||||| |||| 00| 0 eng d |
| 040 ## - CATALOGING SOURCE | |
| Transcribing agency | BDDh-ASL |
| 082 ## - DEWEY DECIMAL CLASSIFICATION NUMBER | |
| Classification number | 303.3309 |
| Item number | MAP |
| 100 1# - MAIN ENTRY--PERSONAL NAME | |
| 9 (RLIN) | 2804 |
| Personal name | Azam, Khwaja Mahomed |
| 245 14 - TITLE STATEMENT | |
| Title | The Panchayat System of Dhaka / |
| 260 ## - PUBLICATION, DISTRIBUTION, ETC. | |
| Place of publication, distribution, etc. | Dhaka: |
| Name of publisher, distributor, etc. | The Dhaka City Museum, |
| Date of publication, distribution, etc. | 1990. |
| 300 ## - PHYSICAL DESCRIPTION | |
| Extent | 79 p.: |
| Dimensions | 22 cm. |
| 650 #0 - SUBJECT ADDED ENTRY--TOPICAL TERM | |
| 9 (RLIN) | 2806 |
| Topical term or geographic name entry element | Dhaka Panchayat System |
| General subdivision | Dhaka Study |
| Geographic subdivision | Dhaka |
| 700 1# - ADDED ENTRY--PERSONAL NAME | |
| 9 (RLIN) | 2805 |
| Personal name | Hollander, A. N. J. den |
| 942 ## - ADDED ENTRY ELEMENTS (KOHA) | |
| Source of classification or shelving scheme | Dewey Decimal Classification |
| Koha item type | Books |
| Withdrawn status | Lost status | Source of classification or shelving scheme | Damaged status | Not for loan | Collection code | Home library | Current library | Shelving location | Date acquired | Source of acquisition | Total Checkouts | Full call number | Barcode | Date last seen | Copy number | Price effective from | Koha item type |
|---|---|---|---|---|---|---|---|---|---|---|---|---|---|---|---|---|---|
| Dewey Decimal Classification | Non-fiction | Asiatic Society Library | Asiatic Society Library | Dhaka Collection | 01/17/2021 | ASB Collection | 303.3309 MAP | 104502 | 01/17/2021 | C-1 | 01/17/2021 | Books | |||||
| Dewey Decimal Classification | Non-fiction | Asiatic Society Library | Asiatic Society Library | Dhaka Collection | 01/17/2021 | Donated by Prof. (Dr.) M. Abdul Qayyum & Dr. Razia Sultana | 303.3309 MAP | 104503 | 01/17/2021 | C-2 | 01/17/2021 | Books |